00542cam a22001337a 4500008004000000082002600040100007400066245010300140260004300243300001100286500003800297700003300335700004000368180718b1965 xxu||||| |||| 00| 0 eng d aT3103x54 In2b/1964evi aIndia. Joint Committee on the Companies (Second Amendment) Bill, 1964 aJoint Committee on the Companies (Second Amendment) Bill, 1964: evidencecby Lok Sabha Secretariat aNew DelhibLok Sabha Secretariatc1965 a153+p. aChairman: S.V. Krishnamoorthy Rao aIndia. Lok Sabha Secratariat aRao, S.V. Krishnamoorthy (Chairman)